[Event "Groninger Combinatie op"]
[Site "Groningen"]
[Date "2019.05.30"]
[Round "1"]
[White "Van T Veld, Menno"]
[Black "De Boer, Bas"]
[Result "0-1"]
[WhiteElo "1901"]
[BlackElo "2095"]
[PlyCount "52"]
[EventDate "2019.05.30"]
[EventType "swiss"]
[EventRounds "7"]
[EventCountry "NED"]
[SourceTitle "CBM 190 Extra"]
[Source "ChessBase"]
[SourceDate "2019.07.15"]
[SourceVersion "1"]
[SourceVersionDate "2019.07.15"]
[SourceQuality "1"]

1. e4 c5 2. Nf3 e6 3. d4 cxd4 4. Nxd4 Nc6 5. Nc3 Qc7 6. Be3 a6 7. Qd2 Nf6 8. f3 Be7 9. 0-0-0 b5 10. g4 Nxd4 11. Bxd4 Bb7 12. g5 Nh5 13. Ne2 Rc8 14. Be3 d5 15. Bg2 0-0 16. exd5 Bxd5 17. Nf4 Bb4 18. c3 Nxf4 19. Bxf4 Qa5 20. Be5 Qxa2 21. Qd3 Be7 22. h4 Bb3 23. Rde1 b4 24. f4 bxc3 25. Bxc3 Rfd8 26. Qb1 Rxc3+ 0-1